00779nam a22002177a 450000500170000001000140001702000260003103500130005703700130007004000120008308200120009510000200010724500990012726000420022627000430026830000280031150000510033994200260039099900170041695201280043320100722112129.0 aENG-96639 a9780070700291c495.00 aEN-80172 bDBAD/PUB aDPLbEN a623.893 aRao, G. S.9628 aGlobal navigation satellite systems ;bwith essentials of satellitecommunication /cG. S. Rao. aNew Delhi bTata McGraw Hill c2010 a7 West Patel NagerbNew Delhi e110008 axv, 478 p.bill.c25cm. aIncludes bibliographical references and index. 2ddccENh623.893mRAO c37161d37161 00102ddc40718NFICaAGbAGd2010-07-22g495.00l0o623.893 RAOpEN-80172r2010-07-22 00:00:00t1v495.00w2010-07-22yEN